| 000 | 00594nam a2200217Ia 4500 | ||
|---|---|---|---|
| 003 | OSt | ||
| 005 | 20220924134526.0 | ||
| 006 | a|||||r|||| 00| 0 | ||
| 007 | ta | ||
| 008 | 220923b |||||||| |||| 00| 0 snd d | ||
| 024 | _a275564 | ||
| 037 | _cTextual | ||
| 040 |
_aARTS _cARTS _bsnd |
||
| 041 |
_2snd _asnd |
||
| 082 | _aV2:1(Y:32)wJ47, 1593G6 | ||
| 100 |
_aFateh Mahmud _9208596 |
||
| 245 | 0 | _aDarwar-eAkbar-e ja Heera Al-Fazal ain Faizi Mahul Lughat | |
| 260 | _c1936 | ||
| 942 |
_hV2:1(Y:32)wJ47, 1593G6 _cTEXL _2CC |
||
| 999 |
_c437603 _d437603 |
||